Statistics for The Game Awards 2018

Click here to take the quiz!

General Stats

  • This quiz has been taken 7 times
  • The average score is 13 of 30

Answer Stats

Award Winner % Correct
Best Multiplayer GameFortnite
100%
Game of the YearGod of War
80%
Best NarrativeRed Dead Redemption 2
60%
Content Creator of the YearNinja
60%
Best Role Playing GameMonster Hunter: World
60%
Best Fighting GameDragon Ball FighterZ
60%
Best Action/Adventure GameGod of War
60%
Best Esports GameOverwatch
60%
Best PerformanceRoger Clark as Arthur Morgan, Red Dead Redemption 2
60%
Best Game DirectionGod of War
60%
Best Sports/Racing GameForza Horizon 4
40%
Best Esports MomentCloud9 comeback win in triple OT vs. Faze
40%
Best Esports HostEefje "Sjokz" Depoortere
40%
Best Esports Event2018 League of Legends World Championship
40%
Best Esports TeamCloud9
40%
Best Independent GameCeleste
40%
Industry Icon AwardGreg Thomas
40%
Best Ongoing GameFortnite
40%
Games for ImpactCeleste
40%
Best Audio DesignRed Dead Redemption 2
40%
Best Score/MusicRed Dead Redemption 2
40%
Best Action GameDead Cells
40%
Best Strategy GameInto the Breach
20%
Best VR/AR GameAstro Bot Rescue Mission
20%
Best Debut Indie GameThe Messenger
20%
Best Esports PlayerDominique "SonicFox" McLean
20%
Best Student GameCombat 2018
20%
Best Family GameOvercooked 2
20%
Best Art DirectionReturn of the Obra Dinn
20%
Best Mobile GameFlorence
20%

Score Distribution

Percentile by Number Answered

Percent of People with Each Score

Your Score History

You have not taken this quiz